| 000 | 00573nam a2200181Ia 4500 | ||
|---|---|---|---|
| 008 | 151202s9999||||xx |||||||||||||| ||und|| | ||
| 082 | _bPNVM-7178 | ||
| 100 | _aदीक्षित म.श्री. | ||
| 245 | _a"मी,म.श्री." | ||
| 260 | _b"उत्कर्ष प्रकाशन,पुणे." | ||
| 260 | _c2004 | ||
| 300 | _a264 | ||
| 600 | _aदीक्षित म.श्री. | ||
| 630 | _a"मी,म.श्री." | ||
| 700 | _aदीक्षित म.श्री. | ||
| 730 | _a"मी,म.श्री." | ||
| 942 | _cBOOK | ||
| 999 |
_c1273170 _d1273167 |
||